Football old logo quiz #1 - Statistiques

Statistiques générales
  • Ce quiz a été pris 424 fois
  • Le résultat moyen est 12 sur 16
Statistiques - réponses
Par images Réponse % Correct
Fc Barcelone
99%
AS Monaco
95%
Liverpool
93%
Manchester City
91%
Olympique de Marseille
91%
Real Madrid
83%
Olympique Lyonnais
81%
Chelsea
80%
Atletico Madrid
72%
Ajax Amsterdam
65%
Bayern Munich
58%
Arsenal
56%
Manchester United
54%
Juventus
53%
Paris Saint Germain
45%
Borussia Dortmund
35%
Aucun quiz correspondant
Distribution des résultats
% des personnes avec chaque résultat
Percentile par nombre de réponses
Votre historique - résultats
Vous n’avez pas pris ce quiz